00531nam a2200121Ia 4500008004100000082001000041100004800051245007000099260009200169300000800261630007000269730007000339100204s9999 xx 000 0 und d b25164 aदास राजेंद्र्र aशब्द भेटण्याच्या वयातच... b"सुविद्या बुक एजन्सी , पुणे 30"c2001 a108 aशब्द भेटण्याच्या वयातच... aशब्द भेटण्याच्या वयातच...